[Event "Copenhagen Obro New Year op"]
[Site "Copenhagen"]
[Date "2018.12.29"]
[Round "3"]
[White "Orio, Lars"]
[Black "Haubro, Martin"]
[Result "0-1"]
[WhiteElo "1928"]
[BlackElo "2328"]
[PlyCount "117"]
[EventDate "2018.12.27"]
[EventType "swiss"]
[EventRounds "7"]
[EventCountry "DEN"]
[SourceTitle "CBM 189 Extra"]
[Source "ChessBase"]
[SourceDate "2019.06.03"]
[SourceVersion "1"]
[SourceVersionDate "2019.06.03"]
[SourceQuality "1"]

1. e4 c5 2. c3 Nf6 3. e5 Nd5 4. Nf3 Nc6 5. Bc4 Nc7 6. 0-0 d5 7. exd6 Qxd6 8. d4 Bf5 9. Be3 cxd4 10. cxd4 e6 11. Nc3 Rd8 12. Rc1 Be7 13. Nb5 Nxb5 14. Bxb5 0-0 15. Bxc6 bxc6 16. Qa4 Bd3 17. Rfd1 Bb5 18. Qc2 Rc8 19. Qe4 Qd5 20. Qxd5 cxd5 21. Rxc8 Rxc8 22. Rc1 Rxc1+ 23. Bxc1 Bd6 24. Bd2 f6 25. Bc3 Kf7 26. g3 Bd3 27. Ne1 Bb1 28. a3 e5 29. f3 Ke6 30. Kf2 h5 31. Ke3 e4 32. Ng2 g5 33. Kf2 exf3 34. Kxf3 Be4+ 35. Kf2 Kd7 36. Ne3 Kc6 37. Ba5 Be7 38. Ke1 f5 39. Bd2 Kb5 40. Bc3 Bd6 41. Ke2 f4 42. Nf1 Ka4 43. gxf4 gxf4 44. Nd2 f3+ 45. Nxf3 Bxf3+ 46. Kxf3 Bxh2 47. Kg2 Bf4 48. Kh3 Bg5 49. Kg3 Kb3 50. Kh3 a6 51. Kg3 Bc1 52. Kh4 Bxb2 53. Ba5 Bxd4 54. Kxh5 Kxa3 55. Kg4 Kb3 56. Kf3 Bc3 57. Bb6 a5 58. Ke2 a4 59. Kd1 0-1

[Event "Copenhagen Challenge"]
[Site "Ballerup"]
[Date "2015.04.30"]
[Round "3"]
[White "Orio, Lars"]
[Black "Sorensen, Bernhard"]
[Result "1-0"]
[WhiteElo "1900"]
[BlackElo "1653"]
[PlyCount "51"]
[EventDate "2015.04.29"]
[EventType "swiss"]
[EventRounds "9"]
[EventCountry "DEN"]
[SourceTitle "CBM 166 Extra"]
[Source "ChessBase"]
[SourceDate "2015.06.18"]
[SourceVersion "1"]
[SourceVersionDate "2015.06.18"]
[SourceQuality "1"]

1. e4 e6 2. d4 d5 3. Nc3 dxe4 4. Nxe4 Bd7 5. Nf3 Bc6 6. Bd3 Nd7 7. c4 Ngf6 8. Nc3 Be7 9. 0-0 0-0 10. b3 h6 11. Bb2 b6 12. Qe2 Bb7 13. Rad1 c5 14. Bb1 a6 15. Rfe1 Bd6 16. d5 exd5 17. cxd5 Re8 18. Qd3 Ne5 19. Nxe5 Bxe5 20. Ne4 Nxe4 21. Rxe4 Bxb2 22. Rxe8+ Qxe8 23. Qh7+ Kf8 24. Qh8+ Ke7 25. Re1+ Kd7 26. Bf5+ 1-0

[Event "Copenhagen Challenge"]
[Site "Ballerup"]
[Date "2013.04.26"]
[Round "5"]
[White "Orio, Lars"]
[Black "Ulrich, Thomas2222"]
[Result "0-1"]
[WhiteElo "1936"]
[BlackElo "2005"]
[PlyCount "112"]
[EventDate "2013.04.24"]
[EventType "swiss"]
[EventRounds "9"]
[EventCountry "DEN"]
[SourceTitle "CBM 154 Extra"]
[Source "ChessBase"]
[SourceDate "2013.06.25"]
[SourceVersion "2"]
[SourceVersionDate "2013.06.25"]
[SourceQuality "1"]

1. e4 e6 2. d4 d5 3. Nc3 Nf6 4. e5 Nfd7 5. f4 c5 6. Nf3 Nc6 7. Be3 a6 8. Ne2 b5 9. c3 Bb7 10. Ng3 g6 11. Bd3 b4 12. Rc1 bxc3 13. bxc3 Qa5 14. 0-0 c4 15. Bb1 Ba3 16. Rc2 Na7 17. Bc1 Be7 18. Qe1 Bc6 19. Rcf2 0-0-0 20. Ng5 Rdf8 21. Ne2 h6 22. Nf3 Kb8 23. g4 Rfg8 24. Ng3 Ka8 25. Kh1 Nb5 26. Bd2 Qd8 27. Rg2 Nb6 28. Bc2 Na3 29. Bd1 Qd7 30. Bc1 Ba4 31. Qd2 Bxd1 32. Rxd1 Na4 33. Ne1 Nb1 34. Qc2 Naxc3 35. Bd2 Nxd1 36. Qxb1 c3 37. Bc1 Nb2 38. Bxb2 Rb8 39. Qd3 Rxb2 40. Qxc3 Rxg2 41. Kxg2 Rc8 42. Qd2 Qa4 43. Kh3 Bb4 44. Qe2 Bxe1 45. Qxe1 Rc4 46. Qb1 Qb4 47. Qf1 Qc3 48. f5 gxf5 49. gxf5 Qxd4 50. fxe6 Qg4+ 51. Kg2 Rc2+ 52. Kh1 Qxe6 53. Qd1 Qc6 54. Qd4 Rc4 55. Qd3 Rc1+ 56. Kg2 Qc2+ 0-1

[Event "Taastrup op"]
[Site "Taastrup"]
[Date "2000.02.11"]
[Round "7"]
[White "Orio, Lars"]
[Black "Dalso, Harry"]
[Result "1/2-1/2"]
[WhiteElo "1784"]
[BlackElo "1718"]
[PlyCount "29"]
[EventDate "2000.01.21"]
[EventType "swiss"]
[EventRounds "9"]
[EventCountry "DEN"]
[SourceTitle "EXT 2023"]
[Source "ChessBase"]
[SourceDate "2022.10.05"]
[SourceVersion "1"]
[SourceVersionDate "2022.10.05"]
[SourceQuality "1"]

1. e4 d6 2. d4 Nf6 3. Nc3 g6 4. f4 Bg7 5. Nf3 c6 6. Bd3 Bg4 7. 0-0 Bxf3 8. Qxf3 Qb6 9. a3 e5 10. Ne2 exd4 11. f5 Nbd7 12. fxg6 hxg6 13. Bg5 Ne5 14. Qf4 Nh5 15. Qf2 1/2-1/2

[Event "Taastrup op"]
[Site "Taastrup"]
[Date "2000.01.23"]
[Round "3"]
[White "Orio, Lars"]
[Black "Radovic, Slobodan"]
[Result "1-0"]
[WhiteElo "1784"]
[BlackElo "1483"]
[PlyCount "105"]
[EventDate "2000.01.21"]
[EventType "swiss"]
[EventRounds "9"]
[EventCountry "DEN"]
[SourceTitle "EXT 2001"]
[Source "ChessBase"]
[SourceDate "2000.11.22"]
[SourceVersion "1"]
[SourceVersionDate "2000.11.22"]
[SourceQuality "1"]

1. d4 Nf6 2. Nf3 g6 3. Bf4 Bg7 4. e3 0-0 5. h3 d5 6. Bd3 Ne4 7. Bxe4 dxe4 8. Nfd2 f5 9. c4 c5 10. Bxb8 Rxb8 11. Nb3 cxd4 12. exd4 Qc7 13. Qe2 Be6 14. Nc5 Bf7 15. Qe3 Rbd8 16. Nb3 Bxc4 17. N1d2 Bd3 18. f4 Qb6 19. Rc1 e5 20. fxe5 Bxe5 21. Qg5 Bxd4 22. Nxd4 Rxd4 23. h4 Qxb2 24. Rc7 e3 25. Qxe3 Re4 26. Nxe4 fxe4 27. Qd2 Qb6 28. Qc3 Qe3+ 29. Kd1 Qe2+ 30. Kc1 Qe3+ 31. Kd1 Be2+ 32. Kc2 Qd3+ 33. Kb2 Qxc3+ 34. Kxc3 Rf7 35. Rc8+ Kg7 36. Re8 Bd3 37. h5 g5 38. a3 a5 39. Re6 b5 40. Kd4 h6 41. Rc1 Rd7+ 42. Ke3 a4 43. Rcc6 b4 44. axb4 a3 45. Rg6+ Kh7 46. Rxh6+ Kg8 47. Rcg6+ Rg7 48. Rxg7+ Kxg7 49. Rg6+ Kh7 50. Rxg5 a2 51. Ra5 Bb1 52. Ra6 Kh8 53. g4 1-0